| 000 | 00000nam 2200000zi 4500 |
| 001 | 9.913530 |
| 003 | CaOODSP |
| 005 | 20230720093700 |
| 006 | m o d f |
| 007 | cr cn||||||||| |
| 008 | 220719e202206##onca o f000 0 fre d |
| 040 | |aCaOODSP|bfre|erda|cCaOODSP |
| 043 | |an-cn--- |
| 086 | 1 |aYC28-0/441-6F-PDF |
| 110 | 1 |aCanada. |bParlement. |bSénat. |bComité sénatorial permanent des peuples autochtones, |eauteur, |eorganisme de publication. |
| 245 | 10|aIl faut agir pour les FFADA : |bce n'est pas juste l'intention qui compte / |cComité sénatorial permanent des peuples autochtones ; L'honorable Brian Francis, président, L'honorable Dan Christmas, vice-président. |
| 246 | 10|aCe n'est pas juste l'intention qui compte |
| 264 | 1|aOttawa (Ontario) Canada : |bSénat, Canada = Senate, Canada, |cjuin 2022. |
| 300 | |a1 ressource en ligne (12 pages) : |billustrations. |
| 336 | |atexte|btxt|2rdacontent/fre |
| 337 | |ainformatique|bc|2rdamedia/fre |
| 338 | |aressource en ligne|bcr|2rdacarrier/fre |
| 490 | 1 |aRapport provisoire du Comité sénatorial permanent des peuples autochtones ; |v[6e rapport, 44e législature, 1re session] |
| 500 | |aTitre de la couverture. |
| 500 | |aPublié aussi en anglais sous le titre : Not enough : all words and no action on MMIWG. |
| 520 | |a« L'Enquête nationale sur les femmes et les filles autochtones disparues et assassinées (l'« Enquête nationale ») avait pour mandat de faire rapport des « causes systémiques de toutes les formes de violence, y compris la violence sexuelle, à l'égard des femmes et des filles autochtones » et, de façon plus générale, d'« examiner les causes sociales, économiques, culturelles, institutionnelles et historiques sous-jacentes qui contribuent à perpétuer la violence envers les femmes et les filles autochtones au Canada et qui accentuent leur vulnérabilité » -- Introduction, page 6. |
| 650 | 6|aAutochtones|xCrimes contre|zCanada. |
| 650 | 6|aFemmes autochtones|xViolence envers|zCanada. |
| 650 | 6|aEnfants autochtones|xViolence envers|zCanada. |
| 700 | 1 |aFrancis, Brian, |d1957- |
| 775 | 08|tNot enough : |w(CaOODSP)9.913529 |
| 830 | #0|aRapport du Comité sénatorial permanent des peuples autochtones ;|v6e rapport, 44e législature, 1re session.|w(CaOODSP)9.501664 |
| 856 | 40|qPDF|s2.54 Mo|uhttps://publications.gc.ca/collections/collection_2022/sen/yc28-0/YC28-0-441-6-fra.pdf |